[Event "SLO-ch sf"]
[Site "Slovenia"]
[Date "1994.??.??"]
[Round "?"]
[White "Kranjec, A."]
[Black "Marusic, Nada"]
[Result "1-0"]
[WhiteElo "2045"]
[BlackElo "2025"]
[PlyCount "83"]
[EventDate "1994.??.??"]
[EventType "swiss"]
[EventRounds "9"]
[EventCountry "SLO"]
[SourceTitle "EXT 1997"]
[Source "ChessBase"]
[SourceDate "1996.11.15"]
[SourceVersion "1"]
[SourceVersionDate "1996.11.15"]
[SourceQuality "1"]

1. e4 e6 2. d4 d5 3. e5 c5 4. c3 Nc6 5. Nf3 Qb6 6. a3 a5 7. Bd3 Bd7 8. 0-0 a4 9. Bc2 Qb5 10. Re1 c4 11. Nbd2 Be7 12. Nf1 Na5 13. Rb1 0-0-0 14. Ng5 Bxg5 15. Bxg5 f6 16. exf6 gxf6 17. Bh4 Re8 18. Bg3 Ne7 19. Bd6 Ng6 20. Ng3 Qc6 21. Bb4 Nb3 22. Qh5 f5 23. Qh6 Reg8 24. Nh5 Nh4 25. Ng7 Ng6 26. Re2 Nf4 27. Re3 Nd2 28. Rbe1 Qc7 29. Kh1 Ne4 30. f3 Nf2+ 31. Kg1 N2d3 32. Bxd3 cxd3 33. g3 Ne2+ 34. Kf2 f4 35. Re5 Bc6 36. Qxe6+ Bd7 37. Qe7 Qc6 38. g4 Qh6 39. Nh5 Rg6 40. Rxd5 Bc6 41. Ba5 Rg7 42. Rd8+ 1-0